| 000 | 01175nam a2200301Ia 4500 | ||
|---|---|---|---|
| 001 | ebr10313820 | ||
| 003 | CaPaEBR | ||
| 006 | m u | ||
| 007 | cr cn||||||||| | ||
| 008 | 080313s2008 mau s 000 0 eng d | ||
| 020 | _z9781598697575 (pbk.) | ||
| 020 | _z1598697579 (pbk.) | ||
| 040 |
_aCaPaEBR _cCaPaEBR |
||
| 035 | _a(OCoLC)567979935 | ||
| 050 | 1 | 4 |
_aHF5438.25 _b.S333 2008eb |
| 100 | 1 | _aSchiffman, Stephan. | |
| 245 | 1 | 4 |
_aThe 25 sales habits of highly successful salespeople _h[electronic resource] / _cStephan Schiffman. |
| 246 | 3 | _aTwenty-five sales habits of highly successful salespeople | |
| 250 | _a3rd ed. | ||
| 260 |
_aAvon, Mass. : _bAdams Media, _cc2008. |
||
| 300 | _axv, 109 p. | ||
| 533 |
_aElectronic reproduction. _bPalo Alto, Calif. : _cebrary, _d2009. _nAvailable via World Wide Web. _nAccess may be limited to ebrary affiliated libraries. |
||
| 650 | 0 | _aSelling. | |
| 650 | 0 |
_aSuccess in business _vHandbooks, manuals, etc. |
|
| 655 | 7 |
_aElectronic books. _2local |
|
| 710 | 2 | _aebrary, Inc. | |
| 856 | 4 | 0 |
_uhttp://site.ebrary.com/lib/rucke/Doc?id=10313820 _zAn electronic book accessible through the World Wide Web; click to view |
| 999 |
_c164688 _d164688 |
||